[Event "HUN-chT2 Asztalos 1617"]
[Site "Hungary"]
[Date "2017.02.12"]
[Round "8.5"]
[White "Rein, Viktor"]
[Black "Degi, Janos"]
[Result "1/2-1/2"]
[WhiteElo "1944"]
[BlackElo "1870"]
[PlyCount "41"]
[EventDate "2016.09.25"]
[EventType "team-tourn"]
[EventRounds "11"]
[EventCountry "HUN"]
[SourceTitle "EXT 2021"]
[Source "ChessBase"]
[SourceDate "2020.10.23"]
[SourceVersion "1"]
[SourceVersionDate "2020.10.23"]
[SourceQuality "1"]
[WhiteTeam "Pecs Karmin"]
[BlackTeam "Marcali"]
[WhiteTeamCountry "HUN"]
[BlackTeamCountry "HUN"]

1. d4 Nf6 2. c4 c6 3. Nc3 g6 4. Nf3 Bg7 5. e3 0-0 6. Bd3 d5 7. cxd5 Nxd5 8. Bd2 a5 9. a3 b5 10. 0-0 Nxc3 11. Bxc3 Qb6 12. b4 a4 13. Rc1 Ra7 14. Qe2 Be6 15. Ba1 Rd8 16. Ng5 Bd5 17. Ne4 Bxe4 18. Bxe4 Rad7 19. Rc2 f5 20. Bf3 Rd6 21. Rfc1 1/2-1/2

[Event "HUN-chT2 Asztalos 1314"]
[Site "Hungary"]
[Date "2013.09.08"]
[Round "1"]
[White "Rein, Viktor"]
[Black "Varga, Richard"]
[Result "1/2-1/2"]
[WhiteElo "1959"]
[BlackElo "1968"]
[PlyCount "51"]
[EventDate "2013.09.08"]
[EventType "team-tourn"]
[EventRounds "9"]
[EventCountry "HUN"]
[SourceTitle "EXT 2016"]
[Source "ChessBase"]
[SourceDate "2015.10.08"]
[SourceVersion "1"]
[SourceVersionDate "2015.10.08"]
[SourceQuality "1"]
[WhiteTeam "Pecs Karmin"]
[BlackTeam "Nagyatad"]
[WhiteTeamCountry "HUN"]
[BlackTeamCountry "HUN"]

1. d4 Nf6 2. c4 g6 3. Nc3 Bg7 4. Nf3 0-0 5. e4 d6 6. Be2 e5 7. d5 Nbd7 8. Bg5 h6 9. Bd2 Nc5 10. Qc2 a5 11. Be3 Ne8 12. Qd2 Kh7 13. h4 f5 14. Bxc5 dxc5 15. h5 g5 16. exf5 Bxf5 17. Bd3 Nd6 18. Qc2 Qf6 19. Ne4 Nxe4 20. Bxe4 Rae8 21. 0-0 Kg8 22. Bxf5 Qxf5 23. Qxf5 Rxf5 24. Nd2 e4 25. Rae1 Bxb2 26. Nxe4 1/2-1/2

[Event "HUN-chT2 Asztalos 1213"]
[Site "Hungary"]
[Date "2013.03.03"]
[Round "8.7"]
[White "Gal, Peter"]
[Black "Rein, Viktor"]
[Result "1-0"]
[WhiteElo "2087"]
[BlackElo "1964"]
[PlyCount "45"]
[EventDate "2012.09.16"]
[EventType "team-tourn"]
[EventRounds "9"]
[EventCountry "HUN"]
[SourceTitle "EXT 2014"]
[Source "ChessBase"]
[SourceDate "2013.11.20"]
[SourceVersion "1"]
[SourceVersionDate "2013.11.20"]
[SourceQuality "1"]
[WhiteTeam "Decs II"]
[BlackTeam "Pecs Karmin"]
[WhiteTeamCountry "HUN"]
[BlackTeamCountry "HUN"]

1. d4 d5 2. Nc3 Nf6 3. Bg5 e6 4. e4 dxe4 5. Nxe4 Be7 6. Bxf6 Bxf6 7. c3 0-0 8. f4 Nd7 9. Bd3 b6 10. Qh5 g6 11. Qf3 Rb8 12. 0-0-0 Bb7 13. h4 c5 14. h5 cxd4 15. hxg6 fxg6 16. Qh3 Rf7 17. Qxe6 dxc3 18. Bc4 cxb2+ 19. Kb1 Qe7 20. Qxf7+ Qxf7 21. Bxf7+ Kxf7 22. Rxd7+ Ke6 23. Nxf6 1-0

[Event "HUN-chT2 Asztalos 1112"]
[Site "Hungary"]
[Date "2012.05.06"]
[Round "10.6"]
[White "Rein, Viktor"]
[Black "Weisz, Tamas"]
[Result "0-1"]
[WhiteElo "1972"]
[BlackElo "1954"]
[PlyCount "44"]
[EventDate "2011.09.25"]
[EventType "team-tourn"]
[EventRounds "11"]
[EventCountry "HUN"]
[SourceTitle "EXT 2013"]
[Source "ChessBase"]
[SourceDate "2012.11.22"]
[SourceVersion "1"]
[SourceVersionDate "2012.11.22"]
[SourceQuality "1"]
[WhiteTeam "Pecs Karmin"]
[BlackTeam "Kaposvar Bastya"]
[WhiteTeamCountry "HUN"]
[BlackTeamCountry "HUN"]

1. d4 d5 2. c4 e6 3. Nc3 Nf6 4. Bg5 Be7 5. e3 0-0 6. Nf3 b6 7. Rc1 Bb7 8. cxd5 Nxd5 9. Bxe7 Qxe7 10. Bd3 h6 11. 0-0 Rc8 12. a3 Nd7 13. Qe2 a6 14. Rfe1 c5 15. dxc5 Nxc5 16. Nd4 Qg5 17. Nxd5 Qxd5 18. f3 Nxd3 19. Qxd3 e5 20. Qb3 exd4 21. Qxb6 d3 22. e4 Qb5 0-1

[Event "HUN-chT2 Asztalos 1112"]
[Site "Hungary"]
[Date "2012.03.11"]
[Round "7.7"]
[White "Holczl, Attila"]
[Black "Rein, Viktor"]
[Result "0-1"]
[WhiteElo "2004"]
[BlackElo "1972"]
[PlyCount "104"]
[EventDate "2011.09.25"]
[EventType "team-tourn"]
[EventRounds "11"]
[EventCountry "HUN"]
[SourceTitle "EXT 2013"]
[Source "ChessBase"]
[SourceDate "2012.11.22"]
[SourceVersion "1"]
[SourceVersionDate "2012.11.22"]
[SourceQuality "1"]
[WhiteTeam "Dombovar"]
[BlackTeam "Pecs Karmin"]
[WhiteTeamCountry "HUN"]
[BlackTeamCountry "HUN"]

1. d4 d5 2. Nf3 e6 3. Bf4 Nf6 4. e3 Nbd7 5. c3 Be7 6. Bd3 0-0 7. Nbd2 c5 8. Ne5 a6 9. Rc1 c4 10. Bb1 b5 11. a3 Bb7 12. Qf3 a5 13. g4 b4 14. axb4 axb4 15. Qh3 g6 16. Bh6 Re8 17. Qf3 b3 18. Nexc4 Nxg4 19. Qxg4 dxc4 20. 0-0 Rc8 21. Qe2 Nb6 22. e4 Bg5 23. Bxg5 Qxg5+ 24. Kh1 Qa5 25. Rfd1 Qg5 26. Nf1 Rc7 27. Ne3 Rec8 28. Rg1 Qa5 29. f3 Nd7 30. Rg2 Nf6 31. Ng4 Nxg4 32. Rxg4 Kg7 33. Rcg1 Rg8 34. Qe3 f6 35. h4 Qh5 36. Qf4 Rf7 37. Qg3 Rgf8 38. Kh2 Ba8 39. Kh3 Bb7 40. f4 f5 41. Rg5 Qh6 42. exf5 exf5 43. Qe3 Be4 44. Bxe4 fxe4 45. Qxe4 Rxf4 46. Qe5+ R8f6 47. R1g4 Rf2 48. d5 Kg8 49. Rxc4 Qf8 50. Rc6 R6f3+ 51. Rg3 Rxg3+ 52. Kxg3 Qf3# 0-1

[Event "HUN-chT2 Asztalos 1112"]
[Site "Hungary"]
[Date "2012.02.19"]
[Round "6.6"]
[White "Forgacs, Laszlo"]
[Black "Rein, Viktor"]
[Result "1/2-1/2"]
[WhiteElo "1592"]
[BlackElo "1972"]
[PlyCount "63"]
[EventDate "2011.09.25"]
[EventType "team-tourn"]
[EventRounds "11"]
[EventCountry "HUN"]
[SourceTitle "EXT 2013"]
[Source "ChessBase"]
[SourceDate "2012.11.22"]
[SourceVersion "1"]
[SourceVersionDate "2012.11.22"]
[SourceQuality "1"]
[WhiteTeam "Mohacs"]
[BlackTeam "Pecs Karmin"]
[WhiteTeamCountry "HUN"]
[BlackTeamCountry "HUN"]

1. e4 c5 2. Nf3 d6 3. d4 cxd4 4. Nxd4 Nf6 5. Nc3 g6 6. Be2 Bg7 7. Be3 0-0 8. 0-0 Nc6 9. Kh1 a6 10. a4 d5 11. exd5 Nxd5 12. Nxd5 Nxd4 13. Bxd4 Qxd5 14. Bxg7 Qxd1 15. Rfxd1 Kxg7 16. Bf3 Ra7 17. a5 Be6 18. Rd4 Rc8 19. c3 Rc7 20. Rb4 Bd7 21. Rd1 e5 22. Rb6 Kf8 23. Rd5 Bc6 24. Rxe5 Bxf3 25. gxf3 Ra8 26. Kg2 Rd8 27. h4 Kg7 28. Re4 Kh6 29. Reb4 Rdd7 30. Rd4 Re7 31. Re4 Red7 32. Rd4 1/2-1/2

[Event "HUN-chT2 Asztalos 1112"]
[Site "Hungary"]
[Date "2012.01.29"]
[Round "5.7"]
[White "Horvath, Attila"]
[Black "Rein, Viktor"]
[Result "1/2-1/2"]
[WhiteElo "2108"]
[BlackElo "1972"]
[PlyCount "53"]
[EventDate "2011.09.25"]
[EventType "team-tourn"]
[EventRounds "11"]
[EventCountry "HUN"]
[SourceTitle "EXT 2013"]
[Source "ChessBase"]
[SourceDate "2012.11.22"]
[SourceVersion "1"]
[SourceVersionDate "2012.11.22"]
[SourceQuality "1"]
[WhiteTeam "Szentlorinc"]
[BlackTeam "Pecs Karmin"]
[WhiteTeamCountry "HUN"]
[BlackTeamCountry "HUN"]

1. e4 c5 2. Nf3 d6 3. d4 cxd4 4. Nxd4 Nf6 5. Nc3 g6 6. Be3 Bg7 7. f3 0-0 8. Qd2 Nc6 9. Bc4 Bd7 10. 0-0-0 Ne5 11. Bb3 Rc8 12. Bh6 Nc4 13. Bxc4 Rxc4 14. Bxg7 Kxg7 15. g4 Qa5 16. g5 Nh5 17. Nb3 Qe5 18. Qd5 Be6 19. Qxe5+ dxe5 20. Na5 Rc7 21. Rd2 Nf4 22. h4 f6 23. gxf6+ exf6 24. Rhd1 Rfc8 25. Kb1 b6 26. Nb3 Kf7 27. Nb5 1/2-1/2

[Event "HUN-chT2 Asztalos 1112"]
[Site "Hungary"]
[Date "2011.11.27"]
[Round "4.5"]
[White "Rein, Viktor"]
[Black "Kadar, Gabor"]
[Result "1-0"]
[WhiteElo "1972"]
[BlackElo "2138"]
[PlyCount "63"]
[EventDate "2011.09.25"]
[EventType "team-tourn"]
[EventRounds "11"]
[EventCountry "HUN"]
[SourceTitle "EXT 2013"]
[Source "ChessBase"]
[SourceDate "2012.11.22"]
[SourceVersion "1"]
[SourceVersionDate "2012.11.22"]
[SourceQuality "1"]
[WhiteTeam "Pecs Karmin"]
[BlackTeam "Komlo"]
[WhiteTeamCountry "HUN"]
[BlackTeamCountry "HUN"]

1. d4 Nf6 2. c4 e6 3. Nc3 Bb4 4. a3 Bxc3+ 5. bxc3 0-0 6. e3 b6 7. Bd3 Bb7 8. f3 d5 9. Ne2 Nbd7 10. 0-0 c5 11. Ng3 dxc4 12. Bxc4 Rc8 13. Qe2 Qc7 14. Bd3 e5 15. Bb2 exd4 16. exd4 Rfe8 17. Qd2 c4 18. Bc2 Nd5 19. Rae1 Qf4 20. Qf2 Ne3 21. Bc1 Qd6 22. Rxe3 Rxe3 23. Qxe3 g6 24. Qf4 Qxf4 25. Bxf4 Nf6 26. Be4 Bxe4 27. fxe4 Re8 28. d5 Nxe4 29. Nxe4 Rxe4 30. d6 Kf8 31. d7 Ke7 32. Rd1 1-0

[Event "HUN-chT2 Asztalos 1112"]
[Site "Hungary"]
[Date "2011.10.30"]
[Round "2.6"]
[White "Szijarto, Attila"]
[Black "Rein, Viktor"]
[Result "1-0"]
[WhiteElo "2083"]
[BlackElo "1972"]
[PlyCount "41"]
[EventDate "2011.09.25"]
[EventType "team-tourn"]
[EventRounds "11"]
[EventCountry "HUN"]
[SourceTitle "EXT 2013"]
[Source "ChessBase"]
[SourceDate "2012.11.22"]
[SourceVersion "1"]
[SourceVersionDate "2012.11.22"]
[SourceQuality "1"]
[WhiteTeam "Nagyatad"]
[BlackTeam "Pecs Karmin"]
[WhiteTeamCountry "HUN"]
[BlackTeamCountry "HUN"]

1. e4 c5 2. Nf3 d6 3. d4 cxd4 4. c3 dxc3 5. Nxc3 e6 6. Bc4 Be7 7. 0-0 Nf6 8. Qe2 0-0 9. Rd1 Bd7 10. Bg5 Qc7 11. e5 dxe5 12. Nxe5 Bc6 13. Rac1 Nd5 14. Nb5 Qb6 15. Bxe7 Nxe7 16. Nd6 Bd5 17. Bxd5 Nxd5 18. Nexf7 Nc7 19. Qg4 Rxf7 20. Nxf7 Kxf7 21. Qf4+ 1-0

[Event "HUN-chT2 Asztalos 1011"]
[Site "Hungary"]
[Date "2011.05.01"]
[Round "10.6"]
[White "Rein, Viktor"]
[Black "Heinrich, Ferenc"]
[Result "0-1"]
[WhiteElo "1972"]
[BlackElo "1989"]
[PlyCount "70"]
[EventDate "2010.09.12"]
[EventType "team-tourn"]
[EventRounds "11"]
[EventCountry "HUN"]
[SourceTitle "EXT 2012"]
[Source "ChessBase"]
[SourceDate "2011.11.24"]
[SourceVersion "1"]
[SourceVersionDate "2011.11.24"]
[SourceQuality "1"]
[WhiteTeam "Pecs Karmin"]
[BlackTeam "Kaposvar Bastya"]
[WhiteTeamCountry "HUN"]
[BlackTeamCountry "HUN"]

1. d4 d5 2. c4 e6 3. Nc3 c6 4. Bf4 dxc4 5. e3 b5 6. Be2 a5 7. Bf3 Bb4 8. Bxb8 Bxc3+ 9. bxc3 Rxb8 10. Bxc6+ Bd7 11. Bxd7+ Qxd7 12. Nf3 Nf6 13. 0-0 0-0 14. Ne5 Qc7 15. Qc2 Rfc8 16. Rfc1 Nd7 17. Nxd7 Qxd7 18. Rab1 f5 19. Rb2 Qd6 20. Rcb1 b4 21. h3 bxc3 22. Qxc3 Rxb2 23. Rxb2 Qd5 24. a4 Qc6 25. Rb5 Ra8 26. f3 h6 27. Kf2 g5 28. Ke2 Qc7 29. Rc5 Qg3 30. Kf1 Rb8 31. Qc1 Qh2 32. Rxc4 Rb1 33. Kf2 Rxc1 34. Rxc1 Qb8 35. Rc5 Qb4 0-1

[Event "HUN-chT2 Asztalos 1011"]
[Site "Hungary"]
[Date "2010.10.24"]
[Round "4.5"]
[White "Szijarto, Attila"]
[Black "Rein, Viktor"]
[Result "0-1"]
[WhiteElo "2065"]
[BlackElo "1972"]
[PlyCount "50"]
[EventDate "2010.09.12"]
[EventType "team-tourn"]
[EventRounds "11"]
[EventCountry "HUN"]
[SourceTitle "EXT 2012"]
[Source "ChessBase"]
[SourceDate "2011.11.24"]
[SourceVersion "1"]
[SourceVersionDate "2011.11.24"]
[SourceQuality "1"]
[WhiteTeam "Nagyatad"]
[BlackTeam "Pecs Karmin"]
[WhiteTeamCountry "HUN"]
[BlackTeamCountry "HUN"]

1. e4 c5 2. Nf3 d6 3. d4 cxd4 4. Nxd4 Nf6 5. Nc3 g6 6. Bc4 Bg7 7. f3 Nc6 8. Be3 0-0 9. Qd2 Bd7 10. 0-0-0 Ne5 11. Bb3 Rc8 12. h4 Nc4 13. Bxc4 Rxc4 14. Nce2 Qc7 15. g4 Rc8 16. h5 e5 17. hxg6 fxg6 18. Rh2 exd4 19. Nxd4 d5 20. g5 Nh5 21. c3 Be5 22. Nf5 Bxf5 23. Rxh5 dxe4 24. Qd5+ Kf8 25. Rh4 Rxc3+ 0-1